LEADER 00838nam0-22002891--450- 001 990008872960403321 005 20100217153854.0 035 $a000887296 035 $aFED01000887296 035 $a(Aleph)000887296FED01 035 $a000887296 100 $a20090703d1927----km-y0itay50------ba 101 0 $ager 102 $aDE 105 $ay-------001yy 200 1 $a<>Gewerkschaftsbewegung in den Vereinigten Staaten$fvon Heinrich Pollak 210 $aJena$cVerlag von G. Fischer$d1927 215 $aVII, 342 p.$d24 cm 676 $a331.873$v11 rid.$zita 700 1$aPollak,$bHeinrich$0319616 801 0$aIT$bUNINA$gRICA$2UNIMARC 901 $aBK 912 $a990008872960403321 952 $aVII B 106$b16371$fFGBC 959 $aFGBC 996 $aGewerkschaftsbewegung in den Vereinigten Staaten$9803079 997 $aUNINA